Fr. Conceicao Rodrigues College of Engineering

INDUSTRIAL PRODUCTS FINDER -ANNUAL 2002 (Record no. 32055)

MARC details
000 -LEADER
fixed length control field 00257nam a2200121Ia 4500
082 ## - DEWEY DECIMAL CLASSIFICATION NUMBER
Item number I.P.F.
100 ## - MAIN ENTRY--PERSONAL NAME
Personal name #N/A
245 ## - TITLE STATEMENT
Title INDUSTRIAL PRODUCTS FINDER -ANNUAL 2002
260 ## - PUBLICATION, DISTRIBUTION, ETC.
Name of publisher, distributor, etc. I.P.F.
546 ## - LANGUAGE NOTE
Language note ENGLISH
654 ## - SUBJECT ADDED ENTRY--FACETED TOPICAL TERMS
Focus term INDUSTRIAL PRODUCTS
942 ## - ADDED ENTRY ELEMENTS (KOHA)
Koha item type BOOK
Holdings
Withdrawn status Lost status Damaged status Not for loan Collection Home library Current library Shelving location Date acquired Total Checkouts Full call number Barcode Date last seen Price effective from Koha item type
        CD Fr. Agnel's C.Rodrigues College of Engineering Fr. Agnel's C.Rodrigues College of Engineering   17/03/2023   I.P.F. CD381 17/03/2023   BOOK